Tous les joueurs du RC Lens depuis 2010 - Statistiques

Statistiques générales
  • Ce quiz a été pris 44 fois
    16 depuis la dernière actualisation
  • Le résultat moyen est 116 sur 223
Statistiques - réponses
Poste(s) Nationalité Saison(s) Réponse % Correct
Gardien France 2022- Brice Samba
100%
Milieu/défenseur Colombie 2021- Deiver Machado
100%
Défenseur Mali 2016-2018 Mohamed Fofana
100%
Défenseur Argentine 2020- Facundo Medina
100%
Défenseur Autriche 2021- Kevin Danso
100%
Attaquant Angola 2024- M’Bala Nzola
100%
Milieu/défenseur Pologne 2021- Przemysław Frankowski
100%
Milieu Côte d'Ivoire 2020-2023 Seko Fofana
100%
Milieu Portugal 2020- David Pereira da Costa
93%
Attaquant France 2019- Florian Sotoca
93%
Gardien France 2018- Jean-Louis Leca
93%
Défenseur Équateur 2024- Jhoanner Chavez
93%
Milieu/défenseur Equateur 2024- Jhoanner Chávez
93%
Milieu France 2021-2022 Jonathan Varane
93%
Attaquant Belgique 2022-2023 Loïs Openda
93%
Défenseur France 2010-2011 Raphaël Varane
93%
Défenseur Mauritanie 2014-2017 Abdoul Ba
86%
Défenseur Kazakhstan 2023- Abdukodir Khusanov
86%
Attaquant Pologne 2022-2024 Adam Buksa
86%
Attaquant France 2013-2015 Adamo Coulibaly
86%
Défenseur Tunisie 2008-2014 Alaeddine Yahia
86%
Milieu Mali 2018-2022 Cheick Doucouré
86%
Attaquant Espagne 2016-2018 Cristian López
86%
Milieu Mauritanie 2018-2019 El Hadji Ba
86%
Défenseur France 2020-2022 Jonathan Clauss
86%
Défenseur France 2019- Jonathan Gradit
86%
Milieu Guinée 2019-2021 Jules Keita
86%
Défenseur Mali 2018-2024 Massadio Haïdara
86%
Milieu Mali 2006-2011 Sidi Keita
86%
Attaquant France 2021- Wesley Saïd
86%
Milieu France 2023- Andy Diouf
79%
Milieu France 2013-2017 Benjamin Bourigeaud
79%
Défenseur Serbie 2015-2018 Dušan Cvetinović
79%
Attaquant France 2023-2024 Elye Wahi
79%
Milieu RDC 2020-2022 Gaël Kakuta
79%
Milieu Centrafrique 2010-2012 Geoffrey Kondogbia
79%
Milieu Nigéria 2024- Hamzat Ojediran
79%
Gardien France 2015-2019 Jérémy Vachoux
79%
Défenseur Guyane 2011-2015 Ludovic Baal
79%
Milieu Maroc 2023- Neil El Aynaoui
79%
Gardien France 2016-2018 Nicolas Douchez
79%
Attaquant Argentine 2013-2016 Pablo Chavarría
79%
Milieu Norvège 2021-2022 Patrick Berg
79%
Milieu Ghana 2022- Salis Abdul Samed
79%
Défenseur Cap-Vert 2019-2023 Steven Fortès
79%
Gardien Croatie 2007-2011 Vedran Runje
79%
Milieu France 2016-2018 Abdellah Zoubir
71%
Milieu France 2023- Adrien Thomasson
71%
Milieu France 2023- Angelo Fulgini
71%
Défenseur Egypte 2016-2018 Karim Hafez
71%
Milieu/attaquant Martinique 2016-2018 Kévin Fortuné
71%
Défenseur France 2024- Malang Sarr
71%
Attaquant Uruguay 2024- Martin Satriano
71%
Gardien France 2012-2015 Rudy Riou
71%
Défenseur Côte d'Ivoire 2009-2012 Serge Aurier
71%
Défenseur Angleterre 2015-2016 Taylor Moore
71%
Gardien France 2014-2021 Valentin Belon
71%
Gardien Venezuela 2020-2024 Wuilker Faríñez
71%
Milieu France 2016-2018 Abdelrafik Gérard
64%
Gardien France 2013-2014 Alphonse Areola
64%
Milieu Belgique 2024- Ayanda Sishuba
64%
Défenseur Mali 2014-2015 Boubacar Sylla
64%
Défenseur Cameroun 2021-2022 Christopher Wooh
64%
Attaquant Belgique 2007-2013 David Pollet
64%
Milieu Belgique 2018-2020 Guillaume Gillet
64%
Gardien Tunisie 2009-2013 Hamdi Kasraoui
64%
Milieu Guinée 2020-2021 Issiaga Sylla
64%
Milieu Trinité-et-Tobago 2016-2018 John Bostock
64%
Défenseur France 2020-2021 Loïc Badé
64%
Défenseur France 2013-2017 Loïck Landre
64%
Défenseur Algérie 2018-2019 Mehdi Tahrat
64%
Défenseur France 2016-2018 Moussa Sylla
64%
Milieu Serbie 2006-2011 Nenad Kovačević
64%
Milieu Danemark 2015-2017 Patrick Olsen
64%
Défenseur France 2023- Ruben Aguilar
64%
Milieu Mali 2017-2019 Souleymane Diarra
64%
Attaquant Belgique 2011-2012 Thorgan Hazard
64%
Défenseur Brésil 2019-2020 Vítor Costa
64%
Milieu France 2012-2016 Wylan Cyprien
64%
Milieu France 2019-2022 Yannick Cahuzac
64%
Milieu France 2005-2013 Yohan Démont
64%
Milieu/attaquant Maroc 2018-2019 Achraf Bencharki
57%
Défenseur France 2009-2014 Alassane Touré
57%
Défenseur Serbie 2018-2021 Aleksandar Radovanović
57%
Défenseur Espagne 2017-2018 Álvaro Lemos
57%
Défenseur Sénégal 2018-2020 Arial Mendy
57%
Milieu France 2017-2018 Clément Chantôme
57%
Attaquant Burkina Faso 2017-2021 Cyrille Bayala
57%
Défenseur Cameroun 2010-2011 Henri Bedimo
57%
Attaquant Cameroun 2020-2022 Ignatius Ganago
57%
Attaquant Croatie 2017-2019 Ivan Lendrić
57%
Milieu France 2012-2015 Jérôme Le Moigne
57%
Gardien France 2015-2016 Joris Delle
57%
Défenseur Portugal 2006-2011 Marco Ramos
57%
Milieu/attaquant Guinée 2023- Morgan Guilavogui
57%
Milieu Sénégal 2023- Nampalys Mendy
57%
Gardien France 2009-2015 Samuel Atrous
57%
Attaquant Guadeloupe 2018-2019 Thierry Ambrose
57%
Milieu Maroc 2006-2011 Adil Hermach
50%
Défenseur France 2010-2013 Alexandre Coeff
50%
Défenseur Australie 2018-2019 Alex Gersbach
50%
Milieu France 2022-2023 Alexis Claude-Maurice
50%
Attaquant Cameroun 2015-2016 Christian Bekamenga
50%
Défenseur Brésil 2017-2018 Dankler
50%
Milieu Bénin 2016-2018 Djiman Koukou
50%
Défenseur France 1999-20022010-2012 Franck Queudrue
50%
Attaquant Tunisie 2005-2011 Issam Jemâa
50%
Attaquant Haïti 2011-2012 Jean-Eudes Maurice
50%
Défenseur Haïti 2016-2019 Jean-Kévin Duverne
50%
Défenseur/milieu Cameroun 2022-2023 Jean Onana
50%
Défenseur France 2015-2017 Kenny Lala
50%
Milieu Madagascar 2011-2016 Lalaina Nomenjanahary
50%
Milieu Pologne 2022-2024 Łukasz Poręba
50%
Milieu France 2015-2017 Mathias Autret
50%
Milieu/attaquant Niger 2017-2018 Moussa Maazou
50%
Milieu France 2011-2012 Pascal Berenguer
50%
Milieu France 2012-2016 Pierrick Valdivia
50%
Milieu/attaquant France 2023- Rémy Labeau-Lascary
50%
Attaquant RDC 2015-2022 Simon Banza
50%
Attaquant France 2016-2017 Teddy Chevalier
50%
Milieu Martinique 2017-2018 Thomas Ephestion
50%
Milieu Algérie 2018-2020 Walid Mesloub
50%
Attaquant Sénégal 2018-2019 Yannick Gomis
50%
Attaquant Tunisie 2013-2015 Yoann Touzghar
50%
Défenseur Maroc 2010-2013 Zakarya Bergdich
50%
Défenseur Maroc 2013-2015 Ahmed Kantari
43%
Attaquant Belgique 2024- Anass Zaroury
43%
Défenseur Côte d'Ivoire 2017-2018 Brice Dja Djédjé
43%
Milieu France 2019-2022 Charles Boli
43%
Défenseur Grèce 2017-2018 Chrístos Tasoulís
43%
Attaquant Serbie 2017-2019 Filip Marković
43%
Défenseur France 2017-2018 Frédéric Duplus
43%
Milieu Centrafrique 2017-2018 Habib Habibou
43%
Milieu France 2021-2024 Ibrahima Baldé
43%
Défenseur Comores 2020-2023 Ismaël Boura
43%
Milieu France 2016-2019 Jeanricner Bellegarde
43%
Milieu France 2022- Jimmy Cabot
43%
Défenseur France 2022-2024 Julien Le Cardinal
43%
Attaquant France 2011-2013 Julien Toudic
43%
Défenseur RDC 2013-2014 Marcel Tisserand
43%
Défenseur France 2017-2020 Maxence Carlier
43%
Milieu France 2008-2011 Sébastien Roudet
43%
Milieu Pays-Bas 2023-2024 Stijn Spierings
43%
Gardien France 2019-2021 Thomas Vincensini
43%
Défenseur France 2019-2021 Zakaria Diallo
43%
Défenseur France 2020-2023 Adrien Louveau
36%
Milieu Guadeloupe 2012-2013 Ange-Freddy Plumain
36%
Attaquant Sénégal 2020-2021 Ansou Sow
36%
Défenseur France 2013-2015 Benjamin Boulenger
36%
Milieu Tunisie 2011-2012 Chaouki Ben Saada
36%
Défenseur Mali 2019-2021 Cheick Traoré
36%
Défenseur France 2019-2021 Clément Michelin
36%
Milieu Sénégal 2012-2016 Deme N'Diaye
36%
Défenseur Guadeloupe 2013-2015 Dimitri Cavaré
36%
Attaquant Brésil 2009-2012 Eduardo
36%
Défenseur Mali 2008-2011 Éric Chelle
36%
Milieu/défenseur France 2018-2019 Fabien Centonze
36%
Défenseur Venezuela 2011-2012 Gabriel Cichero
36%
Milieu.attaquant France 2019-2022 Gaëtan Robail
36%
Attaquant France 2015-2016 Jonathan Nanizayamo
36%
Défenseur RDC 2015-2016 Jordan Ikoko
36%
Milieu Côte d'Ivoire 2007-2011 Kanga Akalé
36%
Milieu Afrique du sud 2016-2017 Kermit Erasmus
36%
Attaquant France 2006-2010 Kévin Monnet-Paquet
36%
Défenseur Mali 2018-2019 Modibo Sagnan
36%
Milieu France 2017-2019 Mounir Chouiar
36%
Milieu Mali 2008-2013 Samba Sow
36%
Défenseur France 2003-20052015-2016 Stéphane Besle
36%
Milieu France 2019-2021 Tony Mauricio
36%
Milieu Belgique 2016-2017 Viktor Klonaridis
36%
Milieu Burkina Faso 2016-2017 Adama Guira
29%
Défenseur Algérie 2016-2017 Akim Zedadka
29%
Défenseur France 2015-2017 Anthony Scaramozzino
29%
Attaquant France 2020-2022 Arnaud Kalimuendo
29%
Attaquant Belgique 2013-2015 Baptiste Guillaume
29%
Attaquant Guinée 2011-2012 Bengali-Fodé Koïta
29%
Attaquant Cameroun 2019-2020 Benjamin Moukandjo
29%
Défenseur France 2021-2022 Brayann Pereira
29%
Milieu/attaquant France 2020-2022 Corentin Jean
29%
Défenseur Sénégal 2019-2020 Cory Sene
29%
Défenseur Ghana 2016-2017 Daniel Opare
29%
Attaquant Cameroun 2013-2014 Edgar Salli
29%
Défenseur Cameroun 2017-2019 Enzo Ebosse
29%
Attaquant France 2018-2019 Grejohn Kyei
29%
Milieu France 2016-2018 Guillaume Beghin
29%
Milieu Angola 2012-2014 Jérémie Bela
29%
Gardien Algérie 2011-2012 Michaël Fabre
29%
Milieu France 2017-2020 Mouaad Madri
29%
Milieu France 2011-2014 Pierre Ducasse
29%
Milieu Togo 2006-2011 Razak Boukari
29%
Attaquant France 2008-2011 Steven Joseph-Monrose
29%
Défenseur France 2008-2012 William Rémy
29%
Attaquant France 2012-2013 Adama Diakité
21%
Attaquant France 2011-2012 Alexandre Cuvillier
21%
Milieu Maroc 2014-2015 Alharbi El Jadeyaoui
21%
Milieu France 2012-2013 Anthony Rogie
21%
Attaquant Maroc 2018-2019 Bilal Bari
21%
Gardien France 2019-2021 Didier Desprez
21%
Milieu Israël 2012-2013 Firas Mugrabi
21%
Milieu France 2010-2011 Grégory Sertic
21%
Milieu Sénégal 2015-2016 Guirane N'Daw
21%
Milieu Côte d'Ivoire 2013-2016 Jean-Philippe Gbamin
21%
Attaquant France 2012-2014 Julien Leghait
21%
Défenseur France 2012-2015 Patrick Fradj
21%
Défenseur France 2008-2010 Romain Sartre
21%
Attaquant France 2008-2011 Toifilou Maoulida
21%
Milieu France 2019-2023 Tom Ducrocq
21%
Défenseur France 2016-2017 Valentin Wojtkowiak
21%
Défenseur France 2017-2018 William Bianda
21%
Milieu France 2008-2012 Abdelhakim Omrani
14%
Milieu France 2014-2017 Aristote Madiani
14%
Défenseur France 2009-2011 Darnel Situ
14%
Attaquant Sénégal 2014-2015 El Hadji Malick Seck
14%
Milieu France 2019-2020 Manuel Perez
14%
Milieu Algérie 2016-2017 Nadjib Baouia
14%
Défenseur Guadeloupe 2012-2014 Nicolas Saint-Ruf
14%
Attaquant France 2022- Nolan Bonte
14%
Défenseur France 2012-2014 Rémy Bonne
14%
Attaquant France 2016-2017 Benjamin Gomel
7%
Défenseur France 2023-2024 Faitout Maouassa
7%
Défenseur France 2014-2015 Quentin Lecœuche
7%
Défenseur Tunisie 2018-2020 Saif Touka
0%
Aucun quiz correspondant
Distribution des résultats
% des personnes avec chaque résultat
Percentile par nombre de réponses
Votre historique - résultats
Vous n’avez pas pris ce quiz depuis la dernière actualisation